000 00363 a2200169 4500
001 182522
020 _a85-00-31346-3-
040 _cMagnum
100 _aGonzaga, Tomás Antônio
240 1 0 _aMarília de dirceu
_lpor
245 1 0 _aMarília de dirceu
300 _a122
362 0 _a1998
440 1 _aEdiouro
697 _aLITERATURA GERAL
942 _cBK
999 _c182522
_d182522